| Tag |
First Indicator |
Second Indicator |
Subfields |
| LEADER |
00000cam a2200000 4500 |
| 001 |
in00000048168 |
| 005 |
20151007065556.0 |
| 008 |
800528s1939 enka b 00010 eng |
| 010 |
|
|
|a 39019688
|
| 035 |
|
|
|a (OCoLC)06364912
|
| 035 |
|
|
|9 AAE2263AM
|
| 040 |
|
|
|a DLC
|c TXA
|d UtOrBLW
|
| 049 |
|
|
|a TXAM
|c [148776]
|
| 050 |
|
0 |
|a QD95
|b .C3
|
| 082 |
0 |
|
|a 544.6
|
| 092 |
|
|
|a 544.6
|b C218s
|
| 100 |
1 |
|
|a Candler, Chris.
|
| 245 |
1 |
0 |
|a Spectrographic analysis in Great Britain /
|c edited by A. C. Candler.
|
| 264 |
|
1 |
|a London :
|b A. Hilger Limited,
|c [1939]
|
| 300 |
|
|
|a 80 pages :
|b diagram ;
|c 25 cm.
|
| 336 |
|
|
|a text
|b txt
|2 rdacontent
|
| 337 |
|
|
|a unmediated
|b n
|2 rdamedia
|
| 338 |
|
|
|a volume
|b nc
|2 rdacarrier
|
| 500 |
|
|
|a Articles by various authors.
|
| 504 |
|
|
|a Includes bibliographical references.
|
| 650 |
|
0 |
|a Spectrum analysis.
|
| 999 |
|
|
|a MARS
|
| 999 |
f |
f |
|s 69e4c2f9-33c1-323f-ab91-da3191b8318e
|i 1e78f503-3a81-34bd-bad1-467aee01e217
|t 0
|
| 952 |
f |
f |
|p ric
|a Texas A&M University
|b Rellis Campus
|c Joint Library Facility
|d Remote Storage
|t 0
|e QD95 .C3
|h Library of Congress classification
|i unmediated -- volume
|m A14800940273
|
| 998 |
f |
f |
|a QD95 .C3
|t 0
|l Remote Storage
|